000 00801nam a2200205Ii 4500
003 JO-AjNU
008 230605s9999||||xx |||||||||||||| ||und||
040 _aJO-AjNU
_bara
_erda
_cJO-AjNU
041 _aara
050 1 4 _aKMM158.T34.1997
100 3 _aالتكروري، عثمان ,
_eauthor
_947150
245 0 0 _aالوجيز في شرح قانون أصول المحاكمات الشرعية : المحاكم والاختصاص ، الدعوى والخصومة القضائية ، الأحكام وطرق الطعن فيها
250 _aط1
264 3 1 _aعمان : دار الثقافة ، 1997
300 _a181ص
336 _atext
_btxt
_2rdacontent
337 _aunmediated
_bn
_2rdamedia
338 _avolume
_bnc
_2rdacarrier
650 4 _aمحاكم شرعية -- الاردن
_947151
999 _aA20562
_c24130
_d24130